000
00281nam a2200109Ia 4500
100
_a
Santacruz operation Inc
942
_c
BK
654
_a
unix
245
_a
SCO unix sytem v operating system sytem administrator reference
260
_b
Santacruz Operation Inc.
546
_a
ENGLISH
999
_c
29936
_d
29936